| 000 | 00553nam a2200205Ia 4500 | ||
|---|---|---|---|
| 999 |
_c9578 _d9578 |
||
| 003 | 0100 | ||
| 005 | 20170614110532.0 | ||
| 008 | 130303s9999 xx 000 0 und d | ||
| 020 | _a852554583 | ||
| 040 | _cARRUPELIB | ||
| 050 | _aDT541.65.R63 2000 | ||
| 100 |
_aRobinson, David _932591 |
||
| 245 | _aPaths of accommodation | ||
| 245 | _bMuslim societies and French colonial authorities in Senegal and Mauritania, 1880-1920 | ||
| 260 |
_bOhio University Press _aAthens _c2000 |
||
| 300 | _a361p. | ||
| 300 | _b 24cm. | ||
| 440 |
_aWestern African studies _932178 |
||
| 650 |
_a French-speaking West _xHistory _yTo 1884 _932592 |
||
| 650 |
_aAfrica, French-speaking West _xHistory _y1884--1960 _932593 |
||
| 650 |
_aFrance _xColonies _xAfrica _xHistory _932594 |
||
| 650 |
_aAfrica, French-speaking West _xMuslims _xAfrica _932595 |
||
| 942 |
_2lcc _cMONOGRAPH |
||